Statistics for Guess the 1970s song lyrics #286

Click here to take the quiz!

General Stats

  • This quiz has been taken 6 times
  • The average score is 159 of 264

Answer Stats

Answer% Correct
I
100%
and
83%
do
83%
her
83%
Her
83%
if
83%
I'll
83%
is
83%
it
83%
of
83%
on
83%
one
83%
or
83%
see
83%
The
83%
the
83%
to
83%
we
83%
you
83%
after
67%
away
67%
be
67%
days
67%
down
67%
free
67%
From
67%
from
67%
get
67%
let
67%
Let
67%
love
67%
me
67%
mornin
67%
my
67%
no
67%
not
67%
She
67%
that
67%
up
67%
was
67%
what
67%
With
67%
are
50%
bein
50%
better
50%
Carefree
50%
face
50%
got
50%
have
50%
head
50%
highway
50%
how
50%
just
50%
knew
50%
mind
50%
Now
50%
old
50%
once
50%
seen
50%
shoes
50%
slip
50%
Slip
50%
thing
50%
times
50%
wonder
50%
years
50%
Ann
33%
blame
33%
blues
33%
call
33%
damned
33%
dream
33%
ever
33%
feelin
33%
folks
33%
good
33%
knowin
33%
left
33%
livin
33%
must
33%
name
33%
recall
33%
same
33%
she'll
33%
through
33%
tonight
33%
tryin
33%
wanderlust
33%
back
17%
best
17%
closed
17%
faithful
17%
flame
17%
fragments
17%
guess
17%
pages
17%
Pickin
17%
pieces
17%
satisfied
17%
Searchin
17%
shattered
17%
sleep
17%
sweet
17%
Turnin
17%

Score Distribution

Percentile by Number Answered

Percent of People with Each Score

Your Score History

You have not taken this quiz